Liste des gares luxembourgeoises - Statistiques

Statistiques générales
  • Ce quiz a été pris 11 fois
  • Le résultat moyen est 36 sur 68
Statistiques - réponses
Gares % Correct
Differdange
100%
Esch/Alzette
100%
Luxembourg
100%
Rodange
100%
Ettelbruck
86%
Pétange
86%
Belval-Lycée
71%
Belval-Université
71%
Bettembourg
71%
Clervaux
71%
Diekirch
71%
Lamadelaine
71%
Mersch
71%
Niederkorn
71%
Oberkorn
71%
Schifflange
71%
Troisvierges
71%
Bascharage-Sanem
57%
Cents-Hamm
57%
Colmar-Berg
57%
Dommeldange
57%
Dudelange-Usines
57%
Dudelange-Ville
57%
Hollerich
57%
Howald
57%
Kautenbach
57%
Leudelange
57%
Lintgen
57%
Mamer
57%
Mertert
57%
Pfaffenthal-Kirchberg
57%
Walferdange
57%
Wasserbillig
57%
Wiltz
57%
Wilwerwiltz
57%
Berchem
43%
Bertrange-Strassen
43%
Betzdorf
43%
Capellen
43%
Dippach-Reckange
43%
Goebelsmuhle
43%
Heisdorf
43%
Kleinbettingen
43%
Lorentzweiler
43%
Mamer-Lycée
43%
Manternach
43%
Michelau
43%
Munsbach
43%
Noertzange
43%
Paradiso
43%
Rumelange
43%
Sandweiler-Contern
43%
Audun-le-Tiche
29%
Belval-Rédange
29%
Belvaux-Soleuvre
29%
Cruchten
29%
Drauffelt
29%
Dudelange-Burange
29%
Dudelange-Centre
29%
Kayl
29%
Merkholtz
29%
Oetrange
29%
Roodt
29%
Schieren
29%
Schouweiler
29%
Tétange
29%
Volmerange-les-Mines
29%
Wecker
29%
Aucun quiz correspondant
Distribution des résultats
% des personnes avec chaque résultat
Percentile par nombre de réponses
Votre historique - résultats
Vous n’avez pas pris ce quiz